| 000 | 00512nmm a2200169Ia 4500 | ||
|---|---|---|---|
| 008 | 251105s9999||||xx |||||||||||||||||und|| | ||
| 020 | _a9786123172596 | ||
| 041 | _aspa | ||
| 100 | _aRevilla Izquierdo, Milagros | ||
| 245 | 0 | _aDerecho eclesiástico del Estado peruano | |
| 264 |
_a[Lima, Peru] : _bPontificia Universidad Católica de Perú, _c2017 |
||
| 300 | _a176 páginas | ||
| 490 | _aLo esencial del derecho | ||
| 650 | _aLaw | ||
| 856 | _uhttps://public.digitaliapublishing.com/a/51228 | ||
| 942 | _cCF | ||
| 999 |
_c76008 _d76008 |
||